000 00409nam a2200145 i 4500
001 bg
245 0 _aĆwiczenia laboratoryjne z chemii ogólnej :
_bdla studiów zawodowych /
_cHanna Przwłocka [et al.]. Cz.1.
260 _aCzęstochowa,
_c1975.
700 1 _aPrzewłocka, Hanna.
040 _cBPK
041 _apol
080 _a543(075.8)(076)
942 _cKS
008 s pl f |000 0 pol
999 _c47135
_d47135
856 _uhttp://koha.tu.koszalin.pl/cgi-bin/koha/opac-detail.pl?biblionumber=47135
_yKatalog online BPK